000
00331nam a2200145Ia 4500
100
_a
Levenspiel/Octave
650
_a
Chemistry
942
_c
BK
654
_a
Engineering
245
_a
Chemical reaction Engineering
260
_b
WILEY EASTERN LIMITED
_a
NewDelhi
_c
1969
082
_a
660.28
300
_a
501
546
_a
ENGLISH
999
_c
25513
_d
25513